000 06490 a2200637 4500
003 Nust
005 20170207165830.0
010 _a 2009025911
020 _a9780470748794
020 _a9780470748794
024 7 _a10.1002/9780470748794
035 _a(EBZ)ebs594655e
035 _a(EBZ)ebs594655e
035 _a(EBZ)ebs594655e
035 _a(EBZ)ebs594655e
035 _a(OCoLC)441893040
035 _a(WaSeSS)ssj0000239019
035 _a(WaSeSS)ssj0000239019
035 _a(WaSeSS)ssj0000239019
035 _a(WaSeSS)ssj0000239019
035 _a(WaSeSS)ssj0000239019
035 _a(WaSeSS)ssj0000239019
035 _a(WaSeSS)ssj0000239019
040 _cNust
082 0 4 _a620.00452
082 0 4 _a658.5
245 0 0 _aRobust design methodology for reliability (E-BOOK)
_h[Elektronisk resurs] :
_bexploring the effects of variation and uncertainty /
_cedited by Bo Bergman ... [et al.].
260 _aChichester, U.K. :
_bWiley,
_c2009.
300 _a1 online resource (xxi, 191 p.) :
_bill.
520 _a"Advocates a new approach to reliability thinking that addresses the design process and proneness to failure in the design phase via sensitivity to variation management. Includes contributions from both academics and industry practitioners with a broad scope of expertise, including quality science, mathematical statistics and reliability engineering. Takes the innovative approach of promoting the study of variation and uncertainty as a basis for reliability work. Includes case studies and illustrative examples that translate the theory into practice"--Provided by publisher.
520 _a"The contributions of Exploring Unreliability and Its Countermeasures aim to address reliability problems in a constructive manner and offer a comprehensive design theory for reliability utilizing robust design methodology and six sigma frameworks. They advocate testing for robustness in the early stages of product design development, and consider varying uncertainties that are sometimes inherent in model assumptions for design solutions but which should not affect the system solution. Many companies today utilise design for Six Sigma (DfSS) for strategic improvement of the design process but often these initiatives do not explicitly describe the reliability perspective; this book explains how reliability design can relate to and work with DfSS and illustrates this with vivid illustrations from real - world problems. Advocates a new approach to reliability thinking that addresses the design process and proneness to failure in the design phase via sensitivity to variation management. Includes contributions from both academics and industry practitioners with a broad scope of expertise, including quality science, mathematical statistics and reliability engineering. Takes the innovative approach of promoting the study of variation and uncertainty as a basis for reliability work. Includes case studies and illustrative examples from real-world problems that translate the theory into practice"--Provided by publisher.
650 0 _aTelecommunications engineering - (E-BOOK)
655 4 _aElectronic books.
655 4 _aElectronic books.
700 1 _aBergman, Bo,
_d1943-
710 2 _aWiley InterScience (Online service)
856 4 2 _3John Wiley
_uhttp://dx.doi.org/10.1002/9780470748794
856 4 2 _uhttp://costello.pub.hb.se/login?url=http://site.ebrary.com/lib/boras/Top?id=10331496
856 4 2 _uhttp://db.ub.oru.se/login?url=http://site.ebrary.com/lib/universitetsbiblioteket/Top?id=10331496
856 4 2 _uhttp://ezproxy.bib.hh.se/login?url=http://site.ebrary.com/lib/halmstad/Top?id=10331496
856 4 2 _uhttp://ezproxy.its.uu.se/login?url=http://site.ebrary.com/lib/uppsala/Top?id=10331496
856 4 2 _uhttp://link.sub.su.se/sfxsub?url_ver=Z39.88-2004&ctx_ver=Z39.88-2004&ctx_enc=info:ofi/enc:UTF-8&rfr_id=info:sid/sfxit.com:opac_856&url_ctx_fmt=info:ofi/fmt:kev:mtx:ctx&sfx.ignore_date_threshold=1&rft.object_id=1000000000794231&svc_val_fmt=info:ofi/fmt:kev:mtx:sch_svc&
856 4 2 _uhttp://miman.bib.bth.se/login?url=http://site.ebrary.com/lib/bthbib/Top?id=10331496
856 4 2 _uhttp://proxy.lib.chalmers.se/login?url=http://onlinelibrary.wiley.com/book/10.1002/9780470748794
856 4 2 _uhttp://proxy.lib.chalmers.se/login?url=http://site.ebrary.com/lib/chalmers/Top?id=10331496
856 4 2 _uhttp://proxy.lib.ltu.se/login?url=http://site.ebrary.com/lib/lulea/Top?channelName=lulea&cpage=1&docID=10331496
856 4 2 _uhttp://sfxeu10.hosted.exlibrisgroup.com/sfxkth?url_ver=Z39.88-2004&ctx_ver=Z39.88-2004&ctx_enc=info:ofi/enc:UTF-8&rfr_id=info:sid/sfxit.com:opac_856&url_ctx_fmt=info:ofi/fmt:kev:mtx:ctx&sfx.ignore_date_threshold=1&rft.object_id=1000000000794231&svc_val_fmt=info:ofi/fmt:kev:mtx:sch_svc&
856 4 2 _uhttp://sfxeu11.hosted.exlibrisgroup.com/mah?url_ver=Z39.88-2004&ctx_ver=Z39.88-2004&ctx_enc=info:ofi/enc:UTF-8&rfr_id=info:sid/sfxit.com:opac_856&url_ctx_fmt=info:ofi/fmt:kev:mtx:ctx&sfx.ignore_date_threshold=1&rft.object_id=1000000000794231&svc_val_fmt=info:ofi/fmt:kev:mtx:sch_svc&
856 4 2 _uhttp://sfxeu11.hosted.exlibrisgroup.com/sfxmiu/?url_ver=Z39.88-2004&ctx_ver=Z39.88-2004&ctx_enc=info:ofi/enc:UTF-8&rfr_id=info:sid/sfxit.com:opac_856&url_ctx_fmt=info:ofi/fmt:kev:mtx:ctx&sfx.ignore_date_threshold=1&rft.object_id=1000000000794231&svc_val_fmt=info:ofi/fmt:kev:mtx:sch_svc&
856 4 2 _uhttp://sfxeu11.hosted.exlibrisgroup.com/sfxslub?url_ver=Z39.88-2004&ctx_ver=Z39.88-2004&ctx_enc=info:ofi/enc:UTF-8&rfr_id=info:sid/sfxit.com:opac_856&url_ctx_fmt=info:ofi/fmt:kev:mtx:ctx&sfx.ignore_date_threshold=1&rft.object_id=1000000000794231&svc_val_fmt=info:ofi/fmt:kev:mtx:sch_svc&
856 4 2 _uhttp://sfxeu11.hosted.exlibrisgroup.com/sfxumub?url_ver=Z39.88-2004&ctx_ver=Z39.88-2004&ctx_enc=info:ofi/enc:UTF-8&rfr_id=info:sid/sfxit.com:opac_856&url_ctx_fmt=info:ofi/fmt:kev:mtx:ctx&sfx.ignore_date_threshold=1&rft.object_id=1000000000794231&svc_val_fmt=info:ofi/fmt:kev:mtx:sch_svc&
856 4 2 _uhttp://site.ebrary.com/lib/prvbib/Top?channelName=prvbib&cpage=1&docID=10331496
856 4 2 _uhttp://www.du.se/proxy.aspx?url=http://site.ebrary.com/lib/dalarna/Top?id=10331496
856 4 2 _uhttps://login.bibproxy.kau.se:8443/login?url=http://site.ebrary.com/lib/kaubib/Top?channelName=kaubib&cpage=1&docID=10331496
856 4 2 _uhttps://login.e.bibl.liu.se/login?url=http://site.ebrary.com/lib/linkoping/Top?channelName=linkoping&cpage=1&docID=10331496
942 _2ddc
_cBK
999 _c213245
_d213245